• 首页
  • 本馆介绍
  • 公告通知
  • 最新文献
  • 馆藏检索
  • 电子资源
  • 读者导购
  • 参考咨询
  • 我的图书馆
  • 登录
  • 详细信息显示
  • 放入我的书架
  • 预约/预借图书
  • 作者相关作品
  • 分类相关作品
  • 丛书相关作品
  • 出版社相关作品

书目信息

  • 表格格式
  • 工作单格式
  • 卡片格式
书名: The structure of scientific revolutions
作者: Thomas S. Kuhn.
分册号:
分册名:
出版地: Chicago, IL :
 
出版社: University of Chicago Press
出版时间: 1996.
页数: xiv, 212 p. ;
开本: 22 cm.
丛书名:
中图分类号:
科图分类号:
其他分类号: N02
主题词:
电子资源: http://www.loc.gov/catdir/description/uchi051/96013195.html      http://www.loc.gov/catdir/toc/uchi051/96013195.html     
000 01261cam a2200349 a 450
001 E0758850796
005 20070517162817.84
008 960325s1996 ilu 001 0 eng
010    @a96013195
020    @a0226458083 (pbk. : alk. paper).
020    @a0226458075 (cloth : alk. paper).
035    @A(DLC) 96013195
040    @aDLC@beng@cDLC@dDLC
050 00 @aQ175@b.K95 1996
082 00 @a501@2 20
090    @aN02
099    @dN02@ex6=3
100 1  @aKuhn, Thomas S.
245 14 @aThe structure of scientific revolutions / @cThomas S. Kuhn.
250    @a3rd ed.
260    @aChicago, IL :@bUniversity of Chicago Press,@c1996.
300    @axiv, 212 p. ;@c22 cm.
500    @aIncludes index.
650  0 @aScience@xPhilosophy.
650  0 @aScience@xHistory.
700    @aKuhn, Thomas S.
856 42 @3 Publisher description@uhttp://www.loc.gov/catdir/description/uchi051/96013195.html
856 41 @3 Table of contents@uhttp://www.loc.gov/catdir/toc/uchi051/96013195.html
906    @a7@bcbc@corignew@d1@eocip@f19@gy-gencatlg
920    @a** LC HAS REQ’D # OF SHELF COPIES **
955    @apc17 to ja00 03-25-96; je07 03-30-96; je14 04-02-96; CIP ver. yk05 12-04-96
991    @bc-GenColl@hQ175@i.K95 1996@p0003422528A@tCopy 1@wBOOKS
    
    The structure of scientific revolutions / / Thomas S. Kuhn.-3rd ed.-Chicago, IL : : University of Chicago Press, , 1996.
    xiv, 212 p. ; ; 22 cm.
    Includes index.
    
    ISBN 0226458083 (pbk. : alk. paper).
    
●
相关链接 在E读中查询图书 在五车中查询图书 在当当中查询图书 在豆瓣中查询图书


正题名:structure of scientific revolutions     索取号:N02/x6=3         预约/预借

序号 登录号 条形码 馆藏地/架位号 状态 备注
1 9966   300099667   第二样本阅览室/ [索取号:N02/x6=3] 在馆    
唐山师范学院图书馆 欢迎您!
大连网信软件有限公司© 版权所有